Reliez 100 communes françaises au numéro de département - Statistiques

Statistiques générales
  • Ce quiz a été pris 126 fois
  • Le résultat moyen est 41 sur 100
Statistiques - réponses
Hint Réponse % Correct
Paris 75
84%
Dzaoudzi 976
67%
Biguglia 20 (2A+2B)
65%
Cavaillon 84
65%
Corbeil-Essonnes 91
65%
Wattrelos 59
64%
Royan 17
63%
Lourdes 65
63%
Colombes 92
63%
Gex 01
62%
La Teste-de-Buch 33
62%
Anglet 64
62%
Argelès-sur-Mer 66
62%
Vitrolles 13
58%
Chantilly 60
58%
Gérardmer 88
58%
Le Blanc-Mesnil 93
58%
Aubenas 07
57%
Montélimar 26
57%
Colomiers 31
57%
Bourgoin-Jallieu 38
57%
Volvic 63
53%
Le Kremlin-Bicêtre 94
53%
Mimizan 40
49%
Le Creusot 71
49%
Le Tampon 974
49%
Saint-Flour 15
48%
Liévin 62
48%
Six-Fours-les-Plages 83
48%
Sisteron 04
47%
Saint-Laurent-du-Var 06
47%
Lunel 34
47%
Saint-Chamond 42
47%
Belleville-en-Beaujolais 69
47%
Tonnerre 89
47%
Embrun 05
46%
La Souterraine 23
46%
Plabennec 29
46%
Pfastatt 68
46%
Rethel 08
44%
Aigues-Mortes 30
44%
Longwy 54
44%
Sartrouville 78
44%
Aÿ-Champagne 51
43%
Langres 52
43%
Lanester 56
43%
Mutzig 67
43%
Olivet 45
42%
Commercy 55
42%
Le Lamentin 972
42%
Ploufragan 22
41%
Sallanches 74
41%
Yssingeaux 43
40%
Albert 80
40%
Mondeville 14
38%
Amboise 37
38%
Florange 57
38%
Marvejols 48
37%
Mont-Saint-Aignan 76
37%
Thouars 79
37%
Yzeure 03
36%
Pontault-Combault 77
36%
Soyaux 16
35%
Bruz 35
35%
Franconville 95
35%
Le Gosier 971
35%
Gourdon 46
32%
Decize 58
32%
Champagnole 39
31%
Le Controis-en-Sologne 41
31%
Luxeuil-les-Bains 70
31%
La Motte-Servolex 73
31%
Mazamet 81
31%
Saint-Junien 87
31%
Delle 90
31%
Romilly-sur-Seine 10
30%
Gruissan 11
30%
L'Isle-Jourdain 32
30%
L'Aigle 61
30%
Pont-Audemer 27
28%
Chauny 02
27%
Couëron 44
27%
Beaupréau-en-Mauges 49
27%
Lavelanet 09
25%
Trélissac 24
25%
Audincourt 25
25%
Verdun-sur-Garonne 82
25%
Chevigny-Saint-Sauveur 21
23%
Valognes 50
23%
Onet-le-Château 12
22%
Ernée 53
22%
Buxerolles 86
22%
Saint-Doulchard 18
21%
Lucé 28
20%
Matoury 973
20%
Malemort 19
19%
Le Passage 47
17%
Déols 36
16%
Arnage 72
16%
Aizenay 85
15%
Aucun quiz correspondant
Distribution des résultats
% des personnes avec chaque résultat
Percentile par nombre de réponses
Votre historique - résultats
Vous n’avez pas pris ce quiz